000 00948cam a2200325 a 4500
001 1063953
003 OSt
005 20180116183022.0
008 920211c19901989ii af b 000 0deng c
010 _a 91152928
020 _a8185370001
035 _a(OCoLC)25364706
035 _a(OCoLC)ocm25364706
035 _a(CStRLIN)NYCG92-B9791
035 _a(NNC)1063953
040 _aCtY
_cCtY
_dNNC
043 _aa-ii---
050 1 4 _aDS480.842
_b.S44 1989
082 _a954.0359 SEE 1989
090 _aDS480.842
_b.S44 1989
100 1 _aSeervai, H. M.
245 1 0 _aPartition of India
_blegend and Reality
_cby H.M. Seervai.
260 _aBombay :
_bEmmenem Publications,
_c1990, c1989.
300 _axxxvii, 237 p., [4] p. of plates :
_bill. ; HB
_c22 cm.
440 _aPartition of India
504 _aIncludes bibliographical references.
651 0 _aIndia
_xHistory
_yPartition, 1947.
942 _2ddc
_cBK
999 _c350622
_d350622